| 000 | 00326nam a2200109Ia 4500 | ||
|---|---|---|---|
| 008 | 240129s9999 xx 000 0 und d | ||
| 100 | _aKUMAR, NAVNEET | ||
| 245 | 0 | _aSYNTHESIS AND STRUCTURAL INVESTIGATIONS OF SOME NANO METAL BINARY OXIDES | |
| 260 |
_bMEWAR UNIVERSITY, CHITTORGARH _c2021 |
||
| 650 | _aPhysics | ||
| 942 | _cTHE | ||
| 999 |
_c218992 _d218992 |
||